000 00414nam a2200181Ia 4500
001 4158
005 20260306145735.0
008 260306t1969||||xx |||||||||||||| ||spa||
041 _aESP
082 _a307.14
_bM26
100 _aMarchioni, Marco
_eAUT
245 0 _aComunidad y desarrollo
260 _c1969
300 _a150 páginas :
_c22 cm.
650 _aGEN
654 _aCHU
942 _cLIB
_dJUS
_fJUS
_2ddc
_n
999 _c4158
_d4158